000 00351nam a2200109Ia 4500
008 171211s9999 xx 000 0 und d
245 _aWriting: A Manual for the Digital Age, Brief, 2nd edition
245 _cDavid Blakesley and Jeffrey Laurence Hoogeveen
260 _c2011
650 _xLANGUAGES
856 _uhttp://down.ebook777.com/024/Writing.pdf
999 _c349756
_d349756